Principal's handbook to improve reading instruction /

Bibliographic Details
Main Author: Barnard, Douglas P.
Other Authors: Hetzel, Robert W.
Format: Book
Language:English
Published: Lexington, Mass. : Ginn, [1982]
Subjects:

MARC

Tag First Indicator Second Indicator Subfields
LEADER 00000cam a2200000 a 4500
001 in00000511694
005 20151013080120.0
008 830511s1982 maua b 00010 eng
010 |a  82236764  
020 |a 0663415934 (pbk.) :  |c $10.95 
035 |a (OCoLC)09577637 
035 |9 ACE9385AM 
039 0 |a 2  |b 3  |c 3  |d 3  |e 3 
040 |a DLC  |c DLC  |d TXA  |d UtOrBLW 
049 |a TXAM 
050 0 0 |a LB1050  |b .B365 1982 
082 0 |a 372.4/14  |2 19 
100 1 |a Barnard, Douglas P. 
245 1 0 |a Principal's handbook to improve reading instruction /  |c Douglas P. Barnard, Robert W. Hetzel ; with an introduction by Carita A. Chapman. 
264 1 |a Lexington, Mass. :  |b Ginn,  |c [1982] 
264 4 |c ©1982 
300 |a xvi, 141 pages :  |b illustrations ;  |c 28 cm. 
336 |a text  |b txt  |2 rdacontent 
337 |a unmediated  |b n  |2 rdamedia 
338 |a volume  |b nc  |2 rdacarrier 
504 |a Includes bibliographical references. 
650 0 |a Reading  |x Administration. 
700 1 |a Hetzel, Robert W. 
999 |a MARS 
999 f f |s e8562c45-c596-398a-81cf-cf302856977b  |i ae085b7b-badb-3c10-9e0b-375eadec400f  |t 0 
952 f f |p normal  |a Texas A&M University  |b College Station  |c Sterling C. Evans Library  |d Evans: Library Stacks  |t 0  |e LB1050 .B365 1982  |h Library of Congress classification  |i unmediated -- volume  |m A14807948793 
998 f f |a LB1050 .B365 1982  |t 0  |l Evans: Library Stacks